Premier league teams 2021-22 - Statistics

General Stats
  • This quiz has been taken 24 times
  • The average score is 15 of 20
Answer Stats
Last seasons result Football team % Correct
3rd Liverpool
95%
1st Manchester City
95%
2nd Manchester United
95%
8th Arsenal
90%
4th Chelsea
90%
5th Leicester City
90%
16th Brighton & Hove Albion
81%
7th Tottenham Hotspur
81%
6th West Ham
81%
17th Burnley
76%
13th Wolverhampton Wanderers
76%
11th Aston Villa
71%
9th Leeds United
67%
1st (promoted) Norwich City
67%
3rd (promoted) Brentford
62%
14th Crystal Palace
62%
10th Everton
62%
12th Newcastle United
62%
15th Southampton
57%
2nd (promoted) Watford
52%
No matching quizzes found
Score Distribution
Percent of People with Each Score
Percentile by Number Answered
Your Score History
You have not taken this quiz